| 000 | 00591cam a2200241ua 4500 | ||
|---|---|---|---|
| 020 | _c14.00 | ||
| 041 |
_amal _h |
||
| 082 |
_a581.4 _bMAL/AN |
||
| 100 | _aMalathy, Raghavan. | ||
| 245 |
_aSasya anatomy / _cMalathy Raghavan. _hTextual Documents |
||
| 260 |
_aThiruvananthapuram : _bState Instititute of Languages , _c1973. |
||
| 300 | _a414 ; . | ||
| 365 | _a14.00 | ||
| 504 | _a | ||
| 942 | _cBK | ||
| 999 |
_c4624 _d4624 |
||